[Event "Gachantiva op 9th"]
[Site "Gachantiva"]
[Date "2019.06.23"]
[Round "5"]
[White "Serrano, Raul"]
[Black "Moreno Marino, Juan Nicolas"]
[Result "0-1"]
[WhiteElo "1583"]
[BlackElo "1740"]
[PlyCount "72"]
[EventDate "2019.06.21"]
[EventType "swiss"]
[EventRounds "7"]
[EventCountry "COL"]
[SourceTitle "CBM 191 Extra"]
[Source "ChessBase"]
[SourceDate "2019.09.30"]
[SourceVersion "1"]
[SourceVersionDate "2019.09.30"]
[SourceQuality "1"]

1. e4 d6 2. d4 g6 3. Nf3 Bg7 4. Be2 Nf6 5. Qd3 0-0 6. 0-0 c5 7. c3 Bg4 8. Bg5 Qc7 9. Nbd2 h6 10. Be3 Nbd7 11. h3 Bxf3 12. Bxf3 e5 13. d5 Nh7 14. a4 f5 15. Nc4 f4 16. Bd2 Nhf6 17. b4 b6 18. b5 g5 19. a5 h5 20. Qe2 h4 21. Bg4 a6 22. Be6+ Kh8 23. axb6 Nxb6 24. Na5 axb5 25. Nc6 Nc4 26. Rfb1 Nxd2 27. Qxd2 Nxe4 28. Qd3 Nxc3 29. Qg6 Bf6 30. Rxa8 Rxa8 31. Qxf6+ Qg7 32. Qxg7+ Kxg7 33. Rb3 Ra1+ 34. Kh2 Ne4 35. Rxb5 Ng3 36. Rb7+ Kh6 0-1

[Event "COL-chT Interligas"]
[Site "Palmira"]
[Date "2019.04.29"]
[Round "6.4"]
[White "Moreno Marino, Juan Nicolas"]
[Black "Torres, Jorge Emilio"]
[Result "0-1"]
[WhiteElo "1660"]
[BlackElo "2009"]
[PlyCount "74"]
[EventDate "2019.04.27"]
[EventType "team-swiss"]
[EventRounds "6"]
[EventCountry "COL"]
[SourceTitle "CBM 190 Extra"]
[Source "ChessBase"]
[SourceDate "2019.07.15"]
[SourceVersion "1"]
[SourceVersionDate "2019.07.15"]
[SourceQuality "1"]
[WhiteTeam "Boyaca"]
[BlackTeam "Caldas"]
[WhiteTeamCountry "COL"]
[BlackTeamCountry "COL"]

1. e4 e5 2. g3 Nc6 3. Bg2 Bc5 4. c3 d6 5. d3 Nge7 6. Nf3 0-0 7. 0-0 Bg4 8. Nbd2 Qd7 9. Qc2 a6 10. Kh1 b5 11. b4 Bb6 12. a4 h6 13. Bb2 f5 14. Ng1 f4 15. f3 Be6 16. Rad1 Qe8 17. g4 h5 18. h3 Qg6 19. a5 Be3 20. Nb1 Qh6 21. Qe2 d5 22. Na3 d4 23. Nc2 Rad8 24. c4 bxc4 25. dxc4 d3 26. Rxd3 Bxc4 27. Rfd1 hxg4 28. Nxe3 Bxd3 29. Rxd3 gxf3 30. Nxf3 Rxd3 31. Qxd3 fxe3 32. Kg1 Rd8 33. Qe2 Qf4 34. Bc1 Nxb4 35. Bxe3 Qxe4 36. Ng5 Qd3 37. Qf2 Rf8 0-1